Countries with the Highest Public Debt - Statistics

General Stats
  • This quiz has been taken 51 times
  • The average score is 7 of 20
Answer Stats
Percent of GDP Answer % Correct
134.2 United States
94%
259.0 Japan
83%
211.9 Greece
81%
155.3 Italy
79%
120.0 Spain
77%
135.2 Portugal
67%
304.1 Venezuela
44%
152.0 Singapore
38%
270.4 Sudan
29%
140.2 Zambia
27%
135.0 Lebanon
23%
182.2 Eritrea
19%
136.8 Angola
17%
129.7 Bahrain
10%
131.2 Bhutan
10%
133.1 Belize
6%
146.1 Maldives
6%
147.7 Suriname
6%
146.7 Barbados
4%
158.8 Cape Verde
2%
No matching quizzes found
Score Distribution
Percent of People with Each Score
Percentile by Number Answered
Your Score History
You have not taken this quiz